| 000 | 00364nam a2200145Ia 4500 | ||
|---|---|---|---|
| 008 | 230917s9999||||xx |||||||||||||| ||und|| | ||
| 040 |
_e120732 _aMAIN |
||
| 041 | _aEnglish | ||
| 082 | _a820.9 S43E | ||
| 100 | _aStephen, Leslie | ||
| 245 | 0 | _aEnglish literature and society | |
| 260 |
_aNew Delhi _bAtlantic Publishers _c1994 |
||
| 300 | _a224 p. | ||
| 942 | _cBK | ||
| 999 |
_c143759 _d143759 |
||